El daño moral contractual. Definición, procedencia, función, límites, prueba y monto.
Bewaard in:
| Andere auteurs: | , |
|---|---|
| Formaat: | Onbekend |
| Taal: | Engels |
| Gepubliceerd in: |
Santiago, Chile:
DER Ediciones,
2023.
|
| Editie: | Primera edición. |
| Reeks: | Monografías.
|
| Onderwerpen: | |
| Tags: |
Voeg label toe
Geen labels, Wees de eerste die dit record labelt!
|
MARC
| LEADER | 00000 a2200000 4500 | ||
|---|---|---|---|
| 003 | CL-VaPUC | ||
| 005 | 20240812123021.0 | ||
| 008 | 230721t2023 ||||| |||| 00| 0 eng d | ||
| 999 | |c 441386 |d 441384 | ||
| 020 | |a 978-956-405-144-4 | ||
| 040 | |c Pontificia Universidad Católica de Valparaíso | ||
| 082 | |2 22 |a 346.83022 MAZ 2023 | ||
| 100 | |a Maza Gazmuri, Iñigo de la |e director |9 888571 | ||
| 245 | |a El daño moral contractual. |b Definición, procedencia, función, límites, prueba y monto. | ||
| 250 | |a Primera edición. | ||
| 260 | |a Santiago, Chile: |b DER Ediciones, |c 2023. | ||
| 300 | |a XVI, 618 páginas. | ||
| 490 | |a Monografías. | ||
| 583 | |k Cristina María Rojas Aguilar |c 20230721 | ||
| 650 | 0 | |9 255153 |a Contratos |x Incumplimiento y daño moral |z Chile | |
| 650 | 0 | |9 370023 |a Corte suprema |v Sentencias |x Incumplimientos contractuales |z Chile | |
| 700 | |9 883841 |a Loayza Mosqueira, Boris |e coordinador | ||
| 942 | |2 ddc |c BK | ||
| 952 | |0 0 |1 0 |2 ddc |4 0 |6 346_830220000000000_MAZ_2023 |7 0 |8 A |9 590895 |a BIBDER |b BIBDER |c GEN |d 2023-07-18 |e 22 |g 64970.00 |i 5658071 |l 10 |m 1 |o 346.83022 MAZ 2023 |p 5658071 |r 2025-04-11 |s 2025-04-11 |t 1 |v 64970.00 |w 2023-07-18 |y BK |k DER | ||